000 00677nam a2200241Ia 4500
003 OSt
005 20220928101951.0
006 a|||||r|||| 00| 0
007 ta
008 220927b |||||||| |||| 00| 0 fre d
024 _a59469
037 _cTextual
040 _aSDCL
_cSDCL
_bfre
041 _2fre
_afre
082 _aYX.3'N7, L9
100 _aJackson Michael P
_9395980
245 0 _aFinancial aid through social work.
260 _aLondon
_bRoutledge and Kegan Paul
_c1979
300 _a135p.
_ccm.
700 _a Valencia B Michael
_9395981
942 _hYX.3'N7, L9
_cTEXL
_2CC
999 _c711674
_d711674